[Event "IRQ-ch"]
[Site "Baghdad"]
[Date "2022.08.27"]
[Round "7"]
[White "Nawar, Ahmed Mahmood"]
[Black "Abdullah, Sinan Kareem"]
[Result "0-1"]
[WhiteElo "1496"]
[BlackElo "1456"]
[PlyCount "94"]
[EventDate "2022.08.24"]
[EventType "swiss"]
[EventRounds "9"]
[EventCountry "IRQ"]
[SourceTitle "CBM 210 Extra"]
[Source "ChessBase"]
[SourceDate "2022.11.30"]
[SourceVersion "1"]
[SourceVersionDate "2022.11.30"]
[SourceQuality "1"]

1. Nf3 d5 2. e3 Nf6 3. c4 c6 4. Nc3 e6 5. b3 Be7 6. a4 0-0 7. Ba3 Bxa3 8. Rxa3 Qd6 9. Ra2 a5 10. Bd3 Na6 11. Bb1 Nb4 12. Rb2 dxc4 13. bxc4 e5 14. 0-0 Bg4 15. h3 Bh5 16. Ne4 Nxe4 17. Bxe4 f5 18. Bxf5 Rxf5 19. g4 e4 20. Nd4 Rg5 21. Nf5 Rxf5 22. gxh5 Rg5+ 23. Kh1 Qe6 24. Kh2 Qe5+ 25. Kh1 Rxh5 26. Qg4 Rg5 27. Qh4 Rh5 28. Qg4 Qf5 29. Qxf5 Rxf5 30. Kg2 Rg5+ 31. Kh2 Rf8 32. Rbb1 Rf3 33. Rb3 Rh5 34. Kg2 Rfxh3 35. f4 Rh2+ 36. Kg3 Rxd2 37. Kg4 Rh6 38. f5 Rd3 39. Rxd3 exd3 40. Rf2 Rd6 41. Rd2 Nc2 42. Kf4 Na1 43. Ke5 Rd8 44. Ke6 Nb3 45. Rd1 Re8+ 46. Kd7 Rxe3 47. Rg1 Kf7 0-1